On Becoming A Leader (Record no. 94902)

MARC details
000 -LEADER
fixed length control field 00467nam a2200193Ia 4500
005 - DATE AND TIME OF LATEST TRANSACTION
control field 20230202165416.0
008 - FIXED-LENGTH DATA ELEMENTS--GENERAL INFORMATION
fixed length control field 230125s9999 xx 000 0 und d
020 ## - INTERNATIONAL STANDARD BOOK NUMBER
International Standard Book Number 9780201409291
041 ## - LANGUAGE CODE
Language code of text/sound track or separate title eng
082 ## - DEWEY DECIMAL CLASSIFICATION NUMBER
Classification number 658.4092
Item number BEN
100 ## - MAIN ENTRY--PERSONAL NAME
Author Bennis W
245 ## - TITLE STATEMENT
Title On Becoming A Leader
260 ## - PUBLICATION, DISTRIBUTION, ETC.
Date of publication, distribution, etc. 1994
Name of publisher, distributor, etc. Addison Wesley
Place of publication, distribution, etc. U.S.A.
300 ## - PHYSICAL DESCRIPTION
Extent 217p
500 ## - GENERAL NOTE
Keywords Leadership
650 ## - SUBJECT ADDED ENTRY--TOPICAL TERM
Topical term or geographic name entry element Leadership
700 ## - ADDED ENTRY--PERSONAL NAME
Personal name Bennis W
942 ## - ADDED ENTRY ELEMENTS (KOHA)
Koha item type Books
Holdings
Withdrawn status Lost status Damaged status Not for loan Home library Current library Date acquired Vendor Net Price Full call number Barcode Date last seen Actual Price Bill Date Koha item type Original Barcode
        Smt. Hiraben Nanavati Institute of Management & Research for Women Smt. Hiraben Nanavati Institute of Management & Research for Women 27/06/2017 Donated Book- Outside Donar 1.00 658.4092 BEN DB2806 HIMR-DB-2806 25/01/2023 1.00 25/01/2023 Donated Book DB2806